Palmyra : the bride of the desert
محفوظ في:
المؤلف الرئيسي:
التنسيق: كتاب
اللغة: Undetermined
منشور في:
Damascus
Directorate-General of Information.
1960
الوسوم: إضافة وسم
لا توجد وسوم, كن أول من يضع وسما على هذه التسجيلة!
رقم الطلب: (P)DS99 .P17 S813
| LEADER | 00372nam a2200121Ia 4500 | ||
|---|---|---|---|
| 008 | 240503s9999||||xx |||||||||||||| ||und|| | ||
| 050 | 4 | |a (P)DS99 .P17 S813 | |
| 100 | 1 | |a Jean Starcky, Ṣalāḥ al-Dīn. Munajjid | |
| 245 | 1 | 0 | |a Palmyra : the bride of the desert |
| 264 | 1 | |a Damascus |b Directorate-General of Information. |c 1960 | |
| 300 | |a 41 |b Map |c 17 | ||
| 942 | |2 lcc |c PT | ||
| 999 | |c 58252 |d 58252 | ||
